000 00989cad a22002295a 4500
001 L146461
008 090122s2008 xxkad f s 000 0 eng d
035 _a(Sirsi) u146461
041 0 _aeng
050 0 4 _a333.33 $2 18
110 2 _aInvestment Property Databank
_92288
245 0 0 _aIPD UK monthly property index
_bend December 2008
_h[electronic resource]
260 _aLondon
_bIPD
_c2008
490 0 _aIPD UK Monthly Property Index
_vDecember 2008
520 _aUK commercial property returns ended 2008 at -5.3% in December, according to the IPD UK Monthly Index, in a month which saw a third consecutive record capital value fall of -5.8%.
590 _aKA
650 2 4 _aIPD UK MONTHLY PROPERTY INDEX
651 4 _aUnited Kingdom
_y
690 _aPROPERTY-COMMERCIAL PROPERTY-COMMERCIAL PROPERTY MARKET
856 4 0 _uwww.ipd.com/OurProducts/Indices/UnitedKingdom/UKMonthly/tabid/921/Default.aspx
_zView this report free of charge under indices at www.ipd.com...
942 _n0
999 _c109183
_d109183